関西の政令区 - Statistics

General Stats
  • This quiz has been taken 134 times
  • The average score is 40 of 51
Answer Stats
市名 Answer % Correct
京都市 北区
96%
大阪市 北区
96%
堺市 北区
96%
神戸市 北区
96%
京都市 左京区
95%
京都市 南区
94%
京都市 右京区
94%
堺市 南区
94%
大阪市 中央区
92%
神戸市 中央区
92%
大阪市 西区
90%
堺市 西区
90%
神戸市 西区
90%
堺市 東区
89%
京都市 上京区
87%
京都市 中京区
87%
京都市 伏見区
86%
堺市 中区
86%
京都市 下京区
85%
京都市 山科区
85%
大阪市 東淀川区
83%
大阪市 天王寺区
81%
大阪市 西淀川区
81%
大阪市 西成区
81%
大阪市 淀川区
81%
大阪市 東成区
78%
堺市 堺区
78%
大阪市 阿倍野区
77%
神戸市 灘区
77%
神戸市 須磨区
77%
大阪市 港区
76%
神戸市 東灘区
76%
大阪市 浪速区
75%
京都市 東山区
74%
大阪市 大正区
74%
京都市 西京区
73%
神戸市 兵庫区
73%
大阪市 此花区
72%
神戸市 長田区
72%
大阪市 住吉区
71%
大阪市 鶴見区
68%
神戸市 垂水区
68%
大阪市 東住吉区
67%
堺市 美原区
67%
大阪市 福島区
66%
大阪市 住之江区
66%
大阪市 都島区
62%
大阪市 城東区
62%
大阪市 平野区
60%
大阪市 生野区
57%
大阪市 旭区
49%
No matching quizzes found
Score Distribution
Percent of People with Each Score
Percentile by Number Answered
Your Score History
You have not taken this quiz